Baltische Zentrale Bibliothek (BZB)
| Titel: | Baltische Zentrale Bibliothek (BZB) |
|---|---|
| Verfasser: | |
| In: |
Mitteilungen aus baltischem Leben, Band 33 [recte: 41], Heft 4 (172) (1995), Seite 24-27 alle Artikel anzeigen |
| Veröffentlicht: | 1995 |
| Format: | Aufsatz |
| Sprache: | Deutsch |
X
alg: 39285803 001A $01999:11-11-16 001B $06050:21-01-26 $t15:57:02.000 001C $06050:19-11-16 $t09:18:41.000 001D $01999:11-11-16 001U $0utf8 001X $00 002@ $0Aox 003@ $0392858037 007A $0392858037 $aHEB 007T $0Herde06846 010@ $ager 011@ $a1995 021A $aBaltische Zentrale Bibliothek (BZB) 028A $a= Bong $dOtto 031A $d33 [recte: 41] $e4 (172) $h24-27 $j1995 039B $aIn $8--Abvc--. Mitteilungen aus baltischem Leben. - Darmstadt : Dt.-Baltische Ges., 1961-. - ISSN 0026-6833 $x199500000330004976 $9047862173 045F $a307.094796 $eDDC23BSB 045F/01 $a307.09 045F/03 $g4796 045T $a7,44 045T $aOST $qDE-12 $2FID lok: 39285803 78 exp: 39285803 78 1 #EPN 201B/01 $020-12-17 $t22:58:27.000 201U/01 $0utf8 203@/01 $0788968270 208@/01 $a11-11-16 $be 209A/01 $a/ $f000 $x00 220C/01 $aTitelaufnehmer: pk 220C/01 $aHerkunft: Baltische Bibliographie / P. Kaegbein 237A/01 $aweiterführende Signatur(en): HI: 66 244Z/01 $2Trx $#Latvija $#Lettland $#Łotwa $#Lotyšsko $8--Trx--Latvija $x01 $9391275879 244Z/01 $#Riga $#Rīga $#Ryga $#Riega $#Riga in Lieffland $#Rigae Livonum $#Rygae $#Righa $74050042-1 $8--Tg1--Riga $x02 $9085139726 244Z/01 $2Trx $#raamatukogud erikogud $#specialiosios bibliotekos $#Libraries specific $#könyvtárak speciális $#biblioteki specjalne $#knižnice špeciálne $#knihovny speciální $8--Trx--Bibliotheken$gSpezial- $x03 $9391364030 244Z/01 $2Trx $8--Trx--Zeitschriftenaufsatz $x04 $9391384341 245Z/01 $a13.03 $x01 245Z/01 $a11.06 $x02 247C/01 $82080>Marburg/Lahn, Herder-Institut, Forschungsbibliothek, Bibliographieportal $9336309341
| LEADER | 00000caa a22000002c 4500 | ||
|---|---|---|---|
| 001 | 392858037 | ||
| 003 | DE-603 | ||
| 005 | 20260121155702.0 | ||
| 007 | tu | ||
| 008 | 161111s1995 xx |||| | u00||u|ger c | ||
| 035 | |a (DE-599)HEB392858037 | ||
| 040 | |a DE-603 |b ger |c DE-603 |d DE-603 | ||
| 041 | |a ger | ||
| 082 | 0 | 4 | |8 1\u |a 307.094796 |q DE-101 |2 23/BSB |
| 084 | |a 7,44 |2 ssgn | ||
| 084 | |a OST |q DE-12 |2 fid | ||
| 085 | |8 1\u |b 307.09 | ||
| 085 | |8 1\u |z 2 |s 4796 | ||
| 100 | 1 | |a = Bong, Otto | |
| 245 | 0 | 0 | |a Baltische Zentrale Bibliothek (BZB) |
| 264 | 0 | |c 1995 | |
| 773 | 0 | 8 | |i In |t Mitteilungen aus baltischem Leben |d Darmstadt : Dt.-Baltische Ges., 1961- |h 30 cm |x 0026-6833 |g Band 33 [recte: 41], Heft 4 (172) (1995), Seite 24-27 |w (DE-603)047862173 |w (DE-600)557583-7 |
| 924 | 0 | |9 2080 |a (DE-603)788968270 |b DE-2080 |c HES |d d |g / | |


